Allgemeinwissen - Statistiken

Allgemein
  • Dieses Quiz wurde 76 mal gespielt
  • Das Durchschnittsergebnis liegt bei 5 aus 15
Antwortstatistiken
Hint Antwort % Korrekt
Wer gewann die meisten Fußball WM-Titel Brasilien
96%
Wo war Napoleons letze Schlacht Waterloo
74%
Wie hieß Russland vor 1991? Sowjetunion
62%
Wer war der erste Bundeskanzler der BRD? Konrad Adenauer
53%
Wer war der erste Mensch auf der Sonne? Niemand
50%
Wann kam Toy story in die Kinos? 1995
43%
Wo werden Avocados angebaut? (Europa) Spanien
43%
Wer hat den Mond geklaut? Gru
24%
Wer spielte die Hauptrolle in Bergdoktor? Hans Sigl
15%
Wer war der erste Reichskanzler der Weimarer Republik? Friedrich Ebert
6%
Wer erfand das Atommodell? John Dalton
4%
Was war der erste Satellit im All? Sputnik 1
4%
Wann war die erste französische Revolution? 05.05.1789
0%
Wann viel das Römische Reich? 480 n.Chr.
0%
Was ist das kleinste Lebewesen? Nanoarchaeum equitans
0%
Keine übereinstimmenden Quizze gefunden
Verteilung der Resultate
Anzahl Personen mit jedem Resultat
Perzentil nach korrekt beantworteten Fragen
Ihre Resultats-Entwicklung
Sie haben dieses Quiz noch nicht gespielt